| 000 | 01020nam a22003137a 4500 | ||
|---|---|---|---|
| 003 | CHAP | ||
| 005 | 20220817042943.0 | ||
| 008 | 971013s1996 r 00010 d | ||
| 010 | _a61095 | ||
| 011 | _a62067 | ||
| 035 | _a66241 | ||
| 040 | _cCHAP | ||
| 090 | _aTesis | ||
| 100 | 0 | 0 |
_aEstrada Morales, Manuel. _938415 |
| 245 | _aRespuesta de plantas cultivadas a la fertilización carbonada al sistema radical | ||
| 260 |
_aChapingo, Méx. : _bEl autor, _c1996 |
||
| 300 | _a53 h. | ||
| 502 | _aTesis (Ing. Agr. Esp. en Fitotecnia) -- UACH. Departamento de Fitotecnia | ||
| 590 |
_aALEPH _b10 _c20130110 _lUCH01 _h1340 |
||
| 590 |
_aBATCH-UPD _b10 _c20130110 _lUCH01 _h0510 |
||
| 590 |
_aCONVERSION _b10 _c20130109 _lUCH01 _h1333 |
||
| 650 | 1 | 4 |
_aCarbono _xEfecto en plantas. _918831 |
| 650 | 1 | 4 |
_aFertilizantes _xEfecto en plantas. |
| 650 | 1 | 4 |
_aRaíces _994670 |
| 901 | _aBK | ||
| 942 | _cFOLL | ||
| 949 |
_bBC _cTES _d-151414 _eTS1 _h29336 _i66241 _si |
||
| 949 |
_bBC _cTES _d33724000621231 _eTS2 _fc.2 _h29337 _i66241 _si |
||
| 999 |
_c61095 _d61095 |
||